| 000 | 00506nam a22001577a 4500 | ||
|---|---|---|---|
| 003 | SGT | ||
| 020 | _a9788182963306 | ||
| 082 | _a658, GOY | ||
| 100 | _aGOYAL, RAJESH | ||
| 245 | _aBUSINESS MANAGEMENT | ||
| 260 |
_aNEW DELHI _bDONATE BY DR. SINGH PVC SGT UNIVERSITY _c2010 |
||
| 300 | _aV.P. | ||
| 650 | _aMANAGEMENT | ||
| 653 | _a(STAFFING) (ONLY FOR M.D.U,), (RECRUITMENT), (SELECTION AND TRAINING), (MOTIVATION), (LEADERSHIP), (COMMUNICATION), (CONTROL: NATURE AND PROCESS) | ||
| 942 |
_2ddc _cFCM |
||
| 999 |
_c9060 _d9060 |
||